000 01543nam a2200301 a 4500
001 61987
003 BD-RjUL
005 20211209081027.0
008 170122s2006 bg a s o000 0|eng||
020 _a9845086364
_c: Tk. 500.00 Inland
035 _a(BD-RjUL) 62112
040 _aDLC
_cDLC
_dDLC
_dBD-RjUL
_beng
041 0 _aengben
082 _223
_a304.6095492021
_bMAU 2006 (CS)
110 _aBangladesh Bureau of Statistics.
_9179266
245 1 0 _aBangladesh population census-2001 = বাংলাদেশ আদমশুমারি-২০০১ :
_bCommunity series, Zila: Maulvibazar= কমিউনিটি সিরিজ, জেলা: মৌলভীবাজার /
_cBangladesh Bureau of Statistics.
246 _aবাংলাদেশ আদমশুমারি-২০০১ :
_bকমিউনিটি সিরিজ, জেলা: মৌলভীবাজার
260 _aDhaka :
_bBangladesh Bureau of Statistics,
_c2006.
300 _axiv,383p. :
_bill. ;
_c28 cm.
490 _aCommunity series, Zila: Maulvibazar
490 _aকমিউনিটি সিরিজ, জেলা: মৌলভীবাজার
500 _aPrefatory matter in Bengali and English.
651 _aBangladesh
_zMaulvibazar
_vCensus,2001
_9184463
651 _aBangladesh
_zMaulvibazar
_xPopulation
_vStatistics.
_9184464
_y2001
830 _aCommunity series, Zila: Maulvibazar
_9184465
830 _aকমিউনিটি সিরিজ, জেলা: মৌলভীবাজার
_9185303
942 _2ddc
_cRAR
999 _c61987
_d61987